000 00622nam a2200205Ii 4500
003 JO-AjNU
008 230605s9999||||xx |||||||||||||| ||und||
040 _aJO-AjNU
_bara
_erda
_cJO-AjNU
041 _aara
050 1 4 _aBP166.4.S5288 1989
100 3 _aشلبي، محمود,
_eauthor
_919156
245 0 0 _aحياة إسماعيل
250 _aط1
264 3 1 _aبيروت: دار الجيل، 1989
300 _a319ص
336 _atext
_btxt
_2rdacontent
337 _aunmediated
_bn
_2rdamedia
338 _avolume
_bnc
_2rdacarrier
650 4 _aقصص الانبياء- إسماعيل عليه السلام
_919157
999 _aA6263
_c9831
_d9831